LEADER 01122nam a2200265 i 4500 001 000000047043 003 CaOOAMICUS 005 20120120000000.0 008 120120s1979 it u000 u ita u 013 $a18213 040 $aSeMil$bita 100 1 $aColledge, Malcolm A.R.$0(OLS)http://semarc/name/23395 240 14$aThe Parthians.$0(OLS)http://semarc/title/70652 245 12$aL'impero dei Parti /$cMalcolm A.R. Colledge ; traduzione di Stefano Sudrié. 260 $aRoma :$bNewton & Compton,$ccopyr. 1979. 300 $a181 p., [16] p. di tav. :$bill. ;$c19 cm. 490 0 $aPaperbacks civiltà scomparse ;$v34 650 4$aParti.$0(OLS)http://semarc/subject/9951 700 1 $aSudrié, Stefano.$0(OLS)http://semarc/name/23396 830 0$aPaperbacks civiltà scomparse ;$v34.$0(OLS)http://semarc/title/13110 850 $aSeMil 852 $aSeMil$W1$xVenegono$y1$m3S I 294$j13198$B13198$CSeMilBibl$Z2$F13198 $81 961 $aOmaggio: Agenzia internazionale 996 $6245$aL'impero dei Parti$9(OLS)http://semarc/title/70651 996 $6260$aRoma :$bNewton & Compton$9(OLS)http://semarc/publisher/34098 LEADER 01118nam a2200229 i 4500 001 000000070095 003 CaOOAMICUS 005 20130701000000.0 008 130701s2012 it u000 u ita u 013 $a41267 040 $aSeMil$bita 100 1 $aTavecchia, Giuseppe.$0(OLS)http://semarc/name/34929 245 10$aNel tuo tempio santo ti ho cercato :$bin occasione del 150. anniversario dell'apertura al culto della Chiesa Parrocchiale /$cGiuseppe Tavecchia. 260 $a[S.l. :$bs.n.],$cstampa 2012. 300 $a88 p. :$bill. ;$c21 cm. 500 $aNotizie dalla copertina. - In calce alla cop.: Pubblicato dalla parrocchia santi Giacomo e Filippo, Cornaredo. 650 4$aCornaredo.$0(OLS)http://semarc/subject/8803 850 $aSeMil 852 $aSeMil$W1$xVenegono$y1$m3P II 336$j36248$B36248$CSeMilBibl$Z2$F36251 $81 961 $aOmaggio: Delpini mons. Mario 996 $6245$aNel tuo tempio santo ti ho cercato :$bin occasione del 150. anniversario dell'apertura al culto della Chiesa Parrocchiale$9(OLS)http://semarc/title/112433 996 $6260$a[S.l. :$bs.n.]$9(OLS)http://semarc/publisher/29751